000 00854pam a2200241 a 4500
001 3769272
005 20250221205047.0
008 830906s1984 gw b 001 0 eng
020 _a0387128255 (U.S. : pbk.)
050 0 0 _aRD761
_b.K69 1984
082 0 0 _a616.7/1043
_219
100 1 _aKozlowski, Kazimierz,
_d1928-
245 1 0 _aGamut index of skeletal dysplasias :
_ban aid to radiodiagnosis /
_cKazimierz Kozlowski, Peter Beighton ; foreword by Frederic N. Silverman.
260 _aBerlin ;
_aNew York :
_bSpringer-Verlag,
_c1984.
300 _ax, 195 p. ;
_c24 cm.
500 _aIncludes index.
650 0 _aHuman skeleton
_xAbnormalities
_xDiagnosis.
650 0 _aDiagnosis, Radioscopic.
650 2 _aBone diseases, Developmental
_xRadiography.
650 2 _aBone and bones
_xAbnormalities.
700 1 _aBeighton, Peter.
942 _2lcc
_cBK
_n0
999 _c4091
_d4091